[Event "ETCC"]
[Site "Crete GRE"]
[Date "2007.11.05"]
[Round "8"]
[White "Gustafsson,J"]
[Black "Caruana,F"]
[Result "1-0"]
[WhiteElo "2606"]
[BlackElo "2594"]

1.d4 e6 2.c4 Bb4+ 3.Nd2 Nf6 4.Nf3 b6 5.a3 Bxd2+ 6.Qxd2 Bb7 7.e3 d6 8.Be2 Nbd7
9.O-O O-O 10.b4 Qe7 11.Bb2 Rac8 12.Rfd1 Rfd8 13.Qc3 Ne4 14.Qb3 c5 15.Nd2 Nxd2
16.Rxd2 Qg5 17.f3 cxd4 18.Rxd4 Ne5 19.Kh1 d5 20.c5 Qe7 21.Rdd1 Ng6 22.cxb6 axb6
23.a4 Rb8 24.Qc3 e5 25.a5 bxa5 26.bxa5 Ba8 27.a6 Rbc8 28.Qd2 d4 29.exd4 e4
30.fxe4 Bxe4 31.Bd3 Bd5 32.Re1 Qd6 33.Bf1 Qc6 34.Rec1 Qa8 35.Rxc8 Rxc8 36.Kg1 h6
37.a7 Kh7 38.g3 Rc7 39.Bg2 Ne7 40.Bxd5 Nxd5 41.Qd3+ g6 42.Qb3 Rc8 43.Ra5 Rd8
44.Qf3 Kg7 45.Bc1 f6 46.Qe4 Rd6 47.h4 Rd7 48.h5 Rxa7 49.Rxd5  1-0

[Event "Open"]
[Site "Liberec CZE"]
[Date "2007.11.14"]
[Round "6"]
[White "Sirota,S"]
[Black "Van Nieuwenhuizen,H"]
[Result "1/2-1/2"]
[WhiteElo "2044"]
[BlackElo "1974"]

1.d4 Nf6 2.c4 e6 3.Nf3 Bb4+ 4.Nbd2 c5 5.e3 Nc6 6.a3 Bxd2+ 7.Bxd2 cxd4 8.exd4 d5
9.Bg5 O-O 10.Bd3 Re8 11.O-O dxc4 12.Bxc4 b6 13.Rc1 Bb7 14.Qd3 e5 15.Nxe5 Nxe5
16.dxe5 Qxd3 17.Bxd3 Rxe5 18.Bxf6 gxf6 19.Rc7 Be4 20.Bxe4 Rxe4 21.Rfc1 Rae8
22.Kf1 R4e7 23.f3 Kg7 24.Rxe7 Rxe7 25.Kf2 Kg6 26.Rc2 f5 27.Kg3 f6 28.Kf4 Rd7
29.Re2 Rd4+ 30.Ke3 Rd5 31.Rc2 Rd1 32.Kf4  1/2-1/2

[Event "TCh-BEL 2007-8"]
[Site "Belgium BEL"]
[Date "2007.11.18"]
[Round "4"]
[White "Wirig,A"]
[Black "Dgebuadze,A"]
[Result "0-1"]
[WhiteElo "2467"]
[BlackElo "2505"]

1.c4 e6 2.d4 Nf6 3.Nf3 Bb4+ 4.Nbd2 b6 5.g3 Bb7 6.Bg2 O-O 7.O-O a5 8.Qc2 Bxd2
9.Bxd2 Be4 10.Qc3 h6 11.Rac1 d6 12.Rfd1 Nbd7 13.Qe3 Re8 14.Bc3 Qb8 15.Bh3 b5
16.b3 a4 17.Ne5 Nf8 18.Ng4 N8h7 19.f3 Bg6 20.Nf2 axb3 21.axb3 Ra3 22.Bb4 Ra2
23.Rd2 Ra6 24.Qc3 bxc4 25.bxc4 Qa7 26.d5 Ra4 27.Rb2 exd5 28.c5 Ng5 29.Bg2 dxc5
30.Bxc5 Qa6 31.Qd2 Ne6 32.Nd3 Bxd3 33.exd3 Nxc5 34.Rxc5 Qa7 35.d4 Nd7 36.Rxd5 Nb6  0-1

[Event "WYb16"]
[Site "Kemer TUR"]
[Date "2007.11.18"]
[Round "1"]
[White "Kafetzopoulos,A"]
[Black "Bregadze,L"]
[Result "0-1"]
[WhiteElo "2033"]
[BlackElo "2394"]

1.d4 Nf6 2.c4 e6 3.Nf3 Bb4+ 4.Nbd2 O-O 5.e3 b6 6.Bd3 Bb7 7.O-O c5 8.a3 Bxd2
9.Bxd2 Ne4 10.Qe2 d6 11.Rfd1 Qe7 12.Bc1 Nd7 13.Nd2 Nxd2 14.Bxd2 e5 15.d5 f5
16.f4 b5 17.b3 bxc4 18.bxc4 Ba6 19.Ba5 Rae8 20.Re1 Qf6 21.Qf2 Re7 22.Rab1 g6
23.h3 Rfe8 24.Kh2 Rg7 25.g4 fxg4 26.hxg4 g5 27.Bf5 gxf4 28.exf4 Bxc4 29.Rb7 Qh6+
30.Kg3 Rf8 31.Rxd7 Rxd7 32.Bxd7 exf4+ 33.Kg2 Bxd5+ 34.Kf1 Qh3+ 35.Ke2 Qxa3
36.Bd2 Qa6+  0-1

[Event "WYb18"]
[Site "Kemer TUR"]
[Date "2007.11.20"]
[Round "3"]
[White "Bakos,B"]
[Black "Warakomski,T"]
[Result "1/2-1/2"]
[WhiteElo "2401"]
[BlackElo "2498"]

1.d4 Nf6 2.c4 e6 3.Nf3 Bb4+ 4.Nbd2 d5 5.a3 Be7 6.e3 O-O 7.Bd3 b6 8.O-O Bb7
9.b3 Nbd7 10.Bb2 c5 11.Qe2 cxd4 12.exd4 Re8 13.Rfe1 Nf8 14.Ne5 Ng6 15.Nxg6 hxg6
16.Nf3 Bd6 17.Ne5 Rc8 18.Bc3 dxc4 19.bxc4 Bxe5 20.dxe5 Nd7 21.Qe3 Ba6 22.Rad1 Bxc4
23.Bb1 Bd5 24.Rd4 Rc4 25.Rxc4 Bxc4 26.Rd1 Bd5 27.Rd4 a5 28.Qg3 Qe7 29.Bb2 Rc8
30.Bd3 Nc5 31.Bc2 Nd7 32.Bd3 Nc5 33.Bc2 Nd7 34.Bd3  1/2-1/2

[Event "20th Belgrade Trophy"]
[Site "Belgrade SRB"]
[Date "2007.11.23"]
[Round "2"]
[White "Popovic,Ne"]
[Black "Stojkovska,M"]
[Result "1-0"]
[WhiteElo "2268"]
[BlackElo "1878"]

1.c4 Nf6 2.Nf3 e6 3.d4 Bb4+ 4.Nbd2 Ne4 5.a3 Bxd2+ 6.Nxd2 Nxd2 7.Bxd2 O-O
8.Qc2 d6 9.Bc3 Nd7 10.O-O-O b6 11.e3 Bb7 12.f4 f5 13.Bd3 Nf6 14.d5 Qe7 15.Rhe1 Rae8
16.dxe6 Ne4 17.g4 Qxe6 18.gxf5 Qxf5 19.Rg1 Rf7 20.Qa4 Qc8 21.Bxe4 Bxe4 22.Rg3 Qd7
23.Qxd7 Rxd7 24.Rdg1 Ree7 25.Kd2 g6 26.Rg5 Kf8 27.b4 Rf7 28.Ke2 c5 29.Rd1 Ke7
30.Rd2 Ke6 31.Rg1 Rfe7 32.Kf2 Rf7  1-0

[Event "WYg18"]
[Site "Kemer TUR"]
[Date "2007.11.25"]
[Round "8"]
[White "Lazo,X"]
[Black "Manelidou,M"]
[Result "1-0"]
[WhiteElo "2089"]
[BlackElo "1933"]

1.d4 e6 2.c4 Nf6 3.Nf3 Bb4+ 4.Nbd2 O-O 5.a3 Bxd2+ 6.Qxd2 b6 7.e3 Bb7 8.Be2 d6
9.O-O Nbd7 10.b4 Ne4 11.Qc2 f5 12.Bb2 Rf6 13.c5 Bd5 14.Bc4 Bxc4 15.Qxc4 d5
16.Qe2 Rh6 17.c6 Nf8 18.g3 Qe8 19.Ne5 Ng6 20.b5 Nf6 21.f3 Ne7 22.Bc1 Rh5
23.Bd2 g5 24.a4 a5 25.Rf2 Kh8 26.Rg2 Qg8 27.g4 fxg4 28.fxg4 Rh6 29.Rf1 Rf8
30.Rgf2 Kg7 31.e4 Kh8 32.Qe3 Nf5 33.exf5 Ne4 34.Rf3 Rhf6 35.Nd7  1-0

[Event "WYb16"]
[Site "Kemer TUR"]
[Date "2007.11.28"]
[Round "11"]
[White "Demidov,M"]
[Black "Fodor,T jr"]
[Result "1/2-1/2"]
[WhiteElo "2199"]
[BlackElo "2422"]

1.d4 Nf6 2.c4 e6 3.Nf3 Bb4+ 4.Nbd2 O-O 5.e3 d5 6.a3 Be7 7.Qc2 Nbd7 8.Bd3 b6
9.cxd5 exd5 10.Ne5 Bd6 11.Ndf3 h6 12.Nc6 Qe8 13.b4 Bb7 14.O-O Qe6 15.b5 a6
16.Bb2 axb5 17.Bxb5 Ne4 18.a4 Nb8 19.Nxb8 Rfxb8 20.Rfc1 c5 21.dxc5 bxc5 22.Nd2 Nf6
23.Bd3 Bc8 24.Nf3 Ne4 25.Rd1 Be7 26.a5 Ba6 27.Be5 Re8 28.Bc7 Bf6 29.Ra3 Rec8
30.Bb6 Nd6 31.Bxa6 Rxa6 32.Qd3 Nc4 33.Ra2 Raa8 34.Rc2 Nb2 35.Qxd5 Nxd1 36.Qxd1 c4
37.h3 Bd8 38.Nd4 Qd6 39.Qc1 Bxb6 40.axb6 Qxb6 41.Rxc4 Rxc4 42.Qxc4 Qb1+ 43.Kh2 Qb8+
44.g3 g6 45.Qd5 Ra1 46.h4 Qb1 47.Qg2 h5 48.Nc6 Qe1 49.Ne5 Ra2 50.Nd3 Qd1
51.Nf4 Rd2 52.Qa8+ Kg7 53.Nxh5+  1/2-1/2

[Event "TCh-AUT 1st Bundesliga 2007-8"]
[Site "Baden AUT"]
[Date "2007.11.30"]
[Round "1"]
[White "Perhinig,R"]
[Black "Platzgummer,F"]
[Result "1/2-1/2"]
[WhiteElo "2272"]
[BlackElo "2150"]

1.d4 Nf6 2.c4 e6 3.Nf3 Bb4+ 4.Nbd2 O-O 5.a3 Bxd2+ 6.Qxd2 d6 7.e3 Qe7 8.Be2 e5
9.O-O Bg4 10.b4 e4 11.Ne1 Bxe2 12.Qxe2 d5 13.c5 c6 14.a4 a6 15.Nc2 Ne8 16.Bd2 Nc7
17.Rfb1 Nd7 18.Na3 f5 19.b5 axb5 20.axb5 Ne6 21.Nc2 Qf6 22.bxc6 bxc6 23.Rxa8 Rxa8
24.Rb7 Ndf8 25.Qd1 Nd8 26.Rb1 Nfe6 27.Ra1 Rxa1 28.Qxa1 Qe7 29.Ba5 Qa7 30.Qc3 Nb7
31.Bb6 Qa2 32.h3 f4 33.Qa1 Qxa1+ 34.Nxa1  1/2-1/2

[Event "TCh-AUT 1st Bundesliga 2007-8"]
[Site "Baden AUT"]
[Date "2007.12.01"]
[Round "2"]
[White "Moser,Gue"]
[Black "Kosten,A"]
[Result "0-1"]
[WhiteElo "2354"]
[BlackElo "2519"]

1.d4 Nf6 2.c4 e6 3.Nf3 Bb4+ 4.Nbd2 d5 5.Qa4+ Nc6 6.e3 Bd7 7.Qc2 O-O 8.a3 Bxd2+
9.Bxd2 Ne4 10.Bd3 f5 11.Bc3 a5 12.b3 Be8 13.Bb2 Bh5 14.cxd5 exd5 15.Ne5 Rf6
16.h4 Nxe5 17.dxe5 Rc6 18.Qb1 Rg6 19.Rh2 c5 20.Qc2 a4 21.b4 cxb4 22.axb4 Rc6
23.Qb1 Qf8 24.Bd4 Rac8 25.Bxe4 fxe4 26.Bc5 Qf5 27.f4 Qg4 28.Kf2 b6 29.Bd4 Qe2+
30.Kg1 Qd2  0-1

[Event "TCh-AUT 1st Bundesliga 2007-8"]
[Site "Baden AUT"]
[Date "2007.12.01"]
[Round "2"]
[White "Pilaj,H"]
[Black "Hulak,K"]
[Result "0-1"]
[WhiteElo "2383"]
[BlackElo "2562"]

1.d4 Nf6 2.c4 e6 3.Nf3 Bb4+ 4.Nbd2 d5 5.Qa4+ Nc6 6.e3 O-O 7.a3 Be7 8.Qc2 a5
9.b3 Ne8 10.Bb2 f5 11.g3 Nd6 12.Bg2 Ne4 13.O-O Bd7 14.Ne1 Be8 15.Nd3 a4 16.cxd5 exd5
17.b4 b6 18.Nf3 Na7 19.Nfe5 Bb5 20.Rac1 c6 21.Rfe1 Rf6 22.Nf4 Rc8 23.f3 Nd6
24.e4 g5 25.Ne2 g4 26.exd5 cxd5 27.Qd2 gxf3 28.Bxf3 Ne4 29.Qe3 Bf8 30.Nf4 Bh6
31.Rxc8 Nxc8 32.Rc1 Ncd6 33.Rc2 Nc4 34.Qe1 Qd6 35.Ned3 Be8 36.Bc1 Bg7 37.Ne2 Re6
38.Bf4 Qd8 39.Qc1 b5 40.Kg2 Bf7 41.Ne5 Be8 42.Nd3 h6 43.h4 Kh7 44.Ne5 Qb6
45.Bxe4 fxe4 46.Nxc4 bxc4 47.Be3 Bh5 48.Nf4 Bf3+ 49.Kh2 Rd6 50.Qd2 Qb5 51.Rc3 Qd7
52.Qc2 Rf6 53.Qd2 Bf8 54.Qe1 Qf7 55.Qd2 Bd6 56.Qc1 Qg8 57.Qd2 Rf7 58.Rc1 Rg7
59.Qf2 Rg4 60.Rc3 h5 61.Rc1 Qf7 62.Rc2 Qf5 63.Rc3 Qd7 64.Rc2 Kg8 65.Rc3 Kf7
66.Rc2 Ke8 67.Rc3 Kd8 68.Rc2 Kc8 69.Rc3 Kb7 70.Rc2 Ka6 71.Rc3 Kb5 72.Rc2 Qf7
73.Rc3 Qf5 74.Rc2 Bxf4 75.Bxf4 Rxf4 76.gxf4 e3 77.Qxf3 Qxc2+ 78.Kg1 Qe4 79.Qh3 c3
80.Qc8 Qg6+ 81.Kf1 Qc6 82.Qb8+ Kc4 83.b5 Qxb5 84.Qc8+ Kb3+  0-1

[Event "15th Salona"]
[Site "Solin CRO"]
[Date "2007.12.14"]
[Round "8"]
[White "Georgiev,Vl"]
[Black "Kurajica,B"]
[Result "1-0"]
[WhiteElo "2576"]
[BlackElo "2554"]

1.d4 Nf6 2.c4 e6 3.Nf3 Bb4+ 4.Nbd2 d5 5.a3 Be7 6.Qc2 dxc4 7.Nxc4 c5 8.dxc5 Bxc5
9.b4 Be7 10.Bb2 O-O 11.Rd1 Bd7 12.Ng5 g6 13.h4 Qc7 14.h5 Qf4 15.Nxh7 Nxh7
16.hxg6 Nf6 17.g7 Qf5 18.gxf8=Q+ Kxf8 19.Qxf5 exf5 20.Rh8+ Ng8 21.e3 Be6
22.Ne5 a6 23.Bc4 Bxc4 24.Nxc4 b5 25.Nb6  1-0

[Event "7th Amplico AIG Life"]
[Site "Warsaw POL"]
[Date "2007.12.15"]
[Round "3"]
[White "Daskevics,Va"]
[Black "Macieja,B"]
[Result "1-0"]
[WhiteElo "2331"]
[BlackElo "2606"]

1.d4 Nf6 2.c4 e6 3.Nf3 Bb4+ 4.Nbd2 b6 5.a3 Bxd2+ 6.Qxd2 Bb7 7.b3 O-O 8.Bb2 d6
9.e3 Nbd7 10.Be2 Ne4 11.Qc2 f5 12.O-O Rf6 13.d5 Rh6 14.Rad1 e5 15.b4 Qf6
16.Qa4 Nf8 17.c5 bxc5 18.Qb5 Rb8 19.Qa5 Nd7 20.Qxc7 Qd8 21.Qxd8+ Rxd8 22.Bb5 Nb6
23.Bc6 Ba6 24.b5 Bc8 25.Nd2 Nf6 26.Nb3 Bd7 27.Na5 Bc8 28.f3 Ne8 29.Bc3 Nc7
30.Nb3 Bd7 31.e4 fxe4 32.fxe4 Nxb5 33.Bd2 Rf6 34.a4 c4 35.axb5 cxb3 36.Bg5 Rxf1+
37.Rxf1 Rb8 38.Rb1 Bxc6 39.dxc6 Na8 40.Rxb3 Nc7 41.Be7 Ne8 42.Rf3 Nf6 43.Bxd6 Rxb5
44.h3 Rb6 45.c7 Rc6 46.Bxe5 Kf7 47.Rb3 Ne8 48.Rb8 Nxc7 49.Rc8 Rc1+ 50.Kh2 Ke6
51.Rxc7 Re1 52.Bxg7 a5 53.e5 a4 54.Ra7 Ra1 55.Ra6+ Kf7 56.Bh6 a3 57.e6+ Kg6
58.e7+ Kf7 59.Bg5  1-0

[Event "7th Amplico AIG Life"]
[Site "Warsaw POL"]
[Date "2007.12.15"]
[Round "7"]
[White "Kempinski,R"]
[Black "Kravtsiv,M"]
[Result "0-1"]
[WhiteElo "2596"]
[BlackElo "2498"]

1.d4 Nf6 2.c4 e6 3.Nf3 Bb4+ 4.Nbd2 b6 5.a3 Bxd2+ 6.Qxd2 Bb7 7.e3 d6 8.Be2 O-O
9.O-O Nbd7 10.b4 Qe7 11.Bb2 c5 12.Rfd1 Rfd8 13.Qc3 Rac8 14.Qb3 d5 15.dxc5 bxc5
16.b5 Nb6 17.Nd2 Nfd7 18.a4 dxc4 19.Nxc4 Qg5 20.g3 Nxc4 21.Qxc4 Ne5 22.Bxe5 Qxe5
23.Rac1 Rxd1+ 24.Rxd1 Bd5 25.Qf4 Qxf4 26.gxf4 f5 27.Rc1 Kf8 28.f3 Ke7 29.Kf2 Bb3
30.Bc4 Bxc4 31.Rxc4 Kd6 32.e4 a6 33.bxa6 Ra8 34.Ke3 Rxa6 35.Kd3 Kc6 36.Kc2 Ra7
37.Kb2 Rb7+ 38.Ka2 Rd7 39.Kb3 Rd1 40.Rc2 Rb1+ 41.Rb2 Rf1 42.a5 fxe4 43.fxe4 Rxf4
44.Ka3 Rxe4 45.a6 Rb4 46.Rxb4 cxb4+ 47.Kxb4 g5 48.Kc4 h5 49.Kd4 g4 50.Ke5 h4
51.Kf4 g3 52.hxg3 h3 53.Kf3 e5 54.g4 e4+  0-1

[Event "TCh-HUN 2007-8"]
[Site "Budapest HUN"]
[Date "2007.12.16"]
[Round "5"]
[White "Petran,Pa"]
[Black "Meszaros,Gyu"]
[Result "0-1"]
[WhiteElo "2337"]
[BlackElo "2404"]

1.d4 Nf6 2.Nf3 e6 3.c4 Bb4+ 4.Nbd2 O-O 5.a3 Bxd2+ 6.Bxd2 d6 7.g3 b6 8.Bg2 Bb7
9.O-O Be4 10.Bc3 Nbd7 11.Bh3 Bxf3 12.exf3 d5 13.Qe2 Re8 14.Bg2 Qc8 15.Rfe1 Qa6
16.cxd5 Qxe2 17.Rxe2 exd5 18.Rxe8+ Rxe8 19.Bf1 Kf8 20.Bb5 Ke7 21.Rc1 Kd8
22.b4 h6 23.h4 Re7 24.Bd2 Nb8 25.a4 Kc8 26.Bd3 Kb7 27.a5 a6 28.b5 axb5 29.Bxb5 c6
30.a6+ Ka7 31.Bd3 Re6 32.Bf5 Re8 33.Bf4 Kxa6 34.Bxb8 Rxb8 35.Rxc6 Kb7 36.Rc2 b5
37.g4 b4 38.Rc5 Ka7 39.g5 hxg5 40.hxg5 Nh5 41.Rxd5 Nf4 42.Re5 b3 43.Kh2 Ne6
44.Be4 Nxd4 45.Re7+ Kb6 46.Rxf7 b2 47.Rxg7 Nxf3+ 48.Kg3 Nd2 49.Bf5 Re8 50.Rh7 Re5
51.Rh6+ Ka5 52.Bd3 Rxg5+ 53.Kf4 Rd5 54.Ra6+ Kb4 55.Rb6+ Kc3 56.Bf5 Rxf5+  0-1

[Event "7th Amplico AIG Life"]
[Site "Warsaw POL"]
[Date "2007.12.16"]
[Round "9"]
[White "Daskevics,Va"]
[Black "Jedynak,R"]
[Result "1-0"]
[WhiteElo "2331"]
[BlackElo "2543"]

1.d4 e6 2.c4 Nf6 3.Nf3 Bb4+ 4.Nbd2 b6 5.a3 Bxd2+ 6.Qxd2 Bb7 7.b3 O-O 8.Bb2 d6
9.e3 Nbd7 10.Be2 Qe7 11.O-O Ne4 12.Qc2 f5 13.Rad1 Rf6 14.d5 e5 15.b4 Raf8
16.Bd3 Rh6 17.g3 Qf7 18.Nh4 g5 19.Nxf5 Qxf5 20.Bxe4 Qh3 21.f3 Nf6 22.Bf5 Qh5
23.g4 Qh3 24.Qg2 Qxg2+ 25.Kxg2 Bc8 26.e4 Bxf5 27.exf5 e4 28.h3 Re8 29.Bc1 exf3+
30.Rxf3 Re2+ 31.Kf1 Rc2 32.Bxg5 Nxg4 33.Rg3 Nh2+ 34.Kg1 Rh5 35.Bd2+ Kf7 36.Kxh2 Rxf5
37.Kg2 Rxc4 38.Rc3 Rg5+ 39.Bxg5 Rxc3 40.Rc1 Rxc1 41.Bxc1 Kf6 42.Bb2+ Kf5
43.Kf3 Kg5 44.h4+ Kf5 45.b5  1-0

[Event "XX Carlos Torre Magistral"]
[Site "Merida MEX"]
[Date "2007.12.18"]
[Round "6"]
[White "Hernandez Carmenates,Hold"]
[Black "Blanco Fernandez,A"]
[Result "1-0"]
[WhiteElo "2566"]
[BlackElo "2331"]

1.d4 Nf6 2.c4 e6 3.Nf3 Bb4+ 4.Nbd2 b6 5.g3 O-O 6.Bg2 d5 7.O-O Bb7 8.Ne5 Qc8
9.cxd5 Bxd5 10.Bxd5 exd5 11.Ndf3 Bd6 12.Bg5 Ne4 13.Bf4 Qe6 14.Nd3 Nd7 15.Bxd6 Qxd6
16.Rc1 c5 17.dxc5 bxc5 18.Qa4 a5 19.Rfd1 Rfb8 20.Nf4 Nef6 21.Qc2 Rb4 22.e4 Qb8
23.Nxd5 Rxb2 24.Qc4 Nxd5 25.Qxd5 Nf6 26.Qf5 Qc8 27.Qxc8+ Rxc8 28.Rxc5 Rcb8
29.e5 Ne4 30.Rxa5 Nxf2 31.Rd2 Rxd2 32.Nxd2 Nd3 33.Kf1 Nc1 34.a4 Kf8 35.Nc4 Rd8
36.Ra7 Nd3 37.a5 Rc8 38.Nd6 Rc1+ 39.Ke2 Nxe5 40.a6 Ra1 41.Nf5 Ra2+ 42.Kd1 f6
43.Nxg7 Nc6 44.Ne6+ Ke8 45.Rxh7 Ne7 46.Nc7+ Kd8 47.h4 Kxc7 48.Rxe7+ Kd6 49.Ra7 Ra3
50.h5 Rxg3 51.h6  1-0

[Event "4th SICC Masters"]
[Site "Singapore SIN"]
[Date "2007.12.18"]
[Round "3"]
[White "Teo,W"]
[Black "Mas,H"]
[Result "0-1"]
[WhiteElo "2191"]
[BlackElo "2372"]

1.d4 Nf6 2.Nf3 e6 3.c4 Bb4+ 4.Nbd2 c5 5.a3 Bxd2+ 6.Bxd2 b6 7.e3 Ne4 8.Bd3 Bb7
9.O-O O-O 10.b4 d6 11.Qc2 f5 12.Rfd1 Nd7 13.Be1 Qf6 14.Rab1 Rf7 15.Nd2 Nxd2
16.Rxd2 cxd4 17.exd4 Qg5 18.g3 Rc8 19.Qd1 Nf6 20.Qe2 Ng4 21.f3 Qe3+ 22.Qxe3 Nxe3
23.Kf2 Nxc4 24.Rc2 Rfc7 25.Rbc1 Bd5 26.Bxc4 Bxc4 27.f4 b5 28.Bd2 Rc6 29.Rc3 Kf7
30.Be3 Ke7 31.Ke1 Kd7 32.Kd2 Ra8 33.a4 a6 34.a5 Rg8 35.Ke1 Rcc8 36.h4 Kc6
37.Kd2 Kd5 38.Re1 Rcf8 39.Bf2 Rf6 40.Rce3 Rg6 41.Rc3 Rf8 42.Ke3 Rg4 43.Rd1 Re8
44.Kf3 Rc8 45.Ke3 g6 46.Rh1 h6 47.Rcc1 Rg8 48.Rc3 Re8 49.Kf3 Rc8 50.Rcc1 Rg8
51.Rc3 Kc6 52.Be3 Rc8 53.Rcc1 Re8 54.Rhe1 Kd5 55.Rh1 Rc8 56.Rhe1 Rc6 57.Red1 Bb3
58.Rxc6 Bxd1+  0-1

[Event "37th Rilton Cup"]
[Site "Stockholm SWE"]
[Date "2007.12.27"]
[Round "1"]
[White "Akesson,R"]
[Black "Kockum,A"]
[Result "1-0"]
[WhiteElo "2468"]
[BlackElo "2206"]

1.d4 Nf6 2.c4 e6 3.Nf3 Bb4+ 4.Nbd2 b6 5.a3 Bxd2+ 6.Qxd2 Bb7 7.e3 d6 8.Be2 Nbd7
9.O-O O-O 10.b4 Ne4 11.Qc2 f5 12.Bb2 Qe7 13.Rad1 c5 14.Nd2 cxd4 15.exd4 Ndf6
16.Nb3 Rac8 17.f3 Ng5 18.Bd3 Nh5 19.Bc1 h6 20.Qe2 f4 21.Bg6 Ng3 22.hxg3 fxg3
23.d5 e5 24.Nd2 Rf4 25.Qe1 Qf6 26.Bd3 e4 27.Nxe4 Nxe4 28.Bxf4 Qh4 29.Bxg3 Nxg3
30.Qe6+ Kh8 31.Rfe1 Rf8 32.Qg4 Qxg4 33.fxg4 h5 34.gxh5 Bc8 35.Bg6 Bg4 36.Rd2 Bxh5
37.Bxh5 Nxh5 38.Rf2 Rc8 39.Re4  1-0

[Event "37th Rilton Cup"]
[Site "Stockholm SWE"]
[Date "2007.12.29"]
[Round "3"]
[White "Grandelius,N"]
[Black "Holving,R"]
[Result "1-0"]
[WhiteElo "2377"]
[BlackElo "2210"]

1.d4 Nf6 2.c4 e6 3.Nf3 Bb4+ 4.Nbd2 Nc6 5.e3 Qe7 6.Bd3 e5 7.Nxe5 Nxe5 8.dxe5 Qxe5
9.O-O O-O 10.Nf3 Qh5 11.a3 Be7 12.Re1 d6 13.h3 Nd7 14.Nd4 Qxd1 15.Rxd1 Nc5
16.Bc2 Ne6 17.Ne2 Bf6 18.Rb1 Rd8 19.Bd2 d5 20.cxd5 Rxd5 21.Bc3 Rxd1+ 22.Rxd1 Bxc3
23.Nxc3 Kf8 24.f4 c6 25.Bxh7 g6 26.f5 Kg7 27.fxe6 Bxe6 28.Bxg6 Kxg6 29.Kf2 Kf5
30.Ne2 Ke5 31.Nf4 Bb3 32.Rd7 b6 33.g4 c5 34.Kf3 Kf6 35.h4 b5 36.g5+ Kg7 37.h5 b4
38.h6+ Kh7 39.Kg4 bxa3 40.bxa3 Kg8 41.g6  1-0

[Event "ASEAN Masters Circuit GMA"]
[Site "Tarakan INA"]
[Date "2008.01.08"]
[Round "1"]
[White "Purnama,T"]
[Black "Mas,H"]
[Result "1/2-1/2"]
[WhiteElo "2383"]
[BlackElo "2382"]

1.d4 Nf6 2.Nf3 e6 3.c4 Bb4+ 4.Nbd2 b6 5.g3 Bb7 6.Bg2 O-O 7.O-O Bxd2 8.Qxd2 d6
9.b3 Nbd7 10.Bb2 Qe7 11.Rfd1 Rad8 12.d5 exd5 13.Nh4 Rfe8 14.Nf5 Qxe2 15.Qg5 g6
16.Nh6+ Kg7 17.Nf5+ Kg8 18.Bxf6 Nxf6 19.Qxf6 gxf5 20.Qg5+ Kh8 21.Qf6+ Kg8
22.Qg5+ Kh8 23.Qxf5 Qe6 24.Qf4 Qg6 25.cxd5 Re5 26.Rac1 Rde8 27.Rxc7 Re1+
28.Rxe1 Rxe1+ 29.Bf1 Ba6 30.Rc1 Rxf1+ 31.Rxf1 Bxf1 32.Kxf1 Qd3+ 33.Kg1 Qxd5
34.Qf6+ Kg8 35.Qd8+ Kg7 36.Qc7 Qd1+  1/2-1/2

[Event "11th ZNG111 Open"]
[Site "Rijeka CRO"]
[Date "2008.01.09"]
[Round "1"]
[White "Loncar,R"]
[Black "Dubrovic,M"]
[Result "1-0"]
[WhiteElo "2450"]
[BlackElo "1665"]

1.d4 Nf6 2.c4 e6 3.Nf3 Bb4+ 4.Nbd2 b6 5.a3 Bxd2+ 6.Bxd2 Bb7 7.Bg5 d6 8.e3 Nbd7
9.Bh4 c5 10.Be2 Be4 11.O-O O-O 12.dxc5 dxc5 13.Qa4 Qc7 14.Rfd1 Bc6 15.Qc2 Ne5
16.Nxe5 Qxe5 17.Bd3 h6 18.Bg3 Qg5 19.e4 Nh5 20.h4 Qe7 21.e5 Qb7 22.Bf1 Nxg3
23.fxg3 Be4 24.Qc3 Rfd8 25.Rd6 Rd7 26.Rad1 Rad8 27.b4 Rxd6 28.exd6 Bc6 29.Qe5 Ba4
30.Rd2 Qc6 31.b5 Qb7 32.Be2 a5 33.Bf3 Qb8 34.Bc6 Kf8 35.Kh1 Kg8 36.g4 g6
37.h5 gxh5 38.gxh5 Kh7 39.Qf6 Rxd6 40.Qxf7+ Kh8 41.Qf6+ Kh7 42.Qe7+ Kg8 43.Rxd6  1-0

[Event "TCh-AUT 1st Bundesliga 2007-8"]
[Site "Jenbach AUT"]
[Date "2008.01.10"]
[Round "4"]
[White "Freitag,M"]
[Black "Hellmayr,A"]
[Result "1-0"]
[WhiteElo "1729"]
[BlackElo "2320"]

1.d4 Nf6 2.c4 e6 3.Nf3 Bb4+ 4.Nbd2 b6 5.g3 Bb7 6.Bg2 O-O 7.O-O Bxd2 8.Qxd2 d6
9.b3 Nbd7 10.Bb2 Qe7 11.Rfd1 Be4 12.Qc3 Rac8 13.b4 c5 14.dxc5 bxc5 15.b5 d5
16.Nd2 Bxg2 17.Kxg2 d4 18.Qa3 e5 19.e3 Nb6 20.exd4 exd4 21.Re1 Qc7 22.Qb3 Rfe8
23.a4 Nbd7 24.Nf3 Qb7 25.Kg1 Ng4 26.h3 Ngf6 27.a5 Ne4 28.Qd3 Re6 29.Re2 Rce8
30.Rae1 f5 31.Bc1 Qc7 32.Qa3 Qd6 33.Bf4 Qe7 34.Qd3 Qf7 35.Kg2 h6 36.h4 Nc3
37.Rxe6 Rxe6 38.Rxe6 Qxe6 39.b6 axb6 40.a6 Qc6 41.Qxf5 b5 42.a7 Nb6 43.Qe5 Na8
44.Qe7 Qc8 45.Be5 Qf8 46.Qb7 Na4 47.Bxg7  1-0

[Event "ASEAN Masters Circuit GMB"]
[Site "Tarakan INA"]
[Date "2008.01.10"]
[Round "3"]
[White "Sitanggang,S"]
[Black "Barbosa,O PHI"]
[Result "1/2-1/2"]
[WhiteElo "2410"]
[BlackElo "2410"]

1.d4 Nf6 2.Nf3 e6 3.c4 Bb4+ 4.Nbd2 d5 5.a3 Be7 6.Qc2 O-O 7.b3 b6 8.e4 dxe4
9.Nxe4 Bb7 10.Bd3 Nbd7 11.Bb2 Qc8 12.O-O Nxe4 13.Bxe4 Nf6 14.Bxb7 Qxb7 15.Rfe1 Rfe8
16.Re2 b5 17.Rae1 bxc4 18.bxc4 c6 19.Bc1 Rab8 20.Bf4 Rbc8 21.Be5 h6 22.Qa4 Nd7
23.Bg3 Red8 24.h3 Nb6 25.Qb3 Qa6 26.c5 Nd5 27.Rb2 Bf6 28.Bd6 Qa5 29.Rc1 Nc7
30.Rc4 Nb5 31.Ra4 Qc3 32.Qxc3 Nxc3 33.Rxa7 Nb5 34.Ra6 Nxd6 35.cxd6 Rxd6 36.Rb4 Rd5
37.Rc4 c5 38.dxc5 Rcxc5 39.Rxc5 Rxc5 40.g3 Rc2 41.Kg2 Be7 42.Ra8+ Kh7 43.Ne1 Re2
44.Kf1 Rd2 45.Ra5 Ra2 46.Ra7 Bc5 47.Rxf7 Rxa3 48.Rc7 Ba7 49.Rc2 Kg6 50.Kg2 e5
51.Re2 Kf6 52.Nf3 Ra5  1/2-1/2

[Event "It"]
[Site "Maalot-Tarshiha ISR"]
[Date "2008.01.11"]
[Round "5"]
[White "Macieja,B"]
[Black "Moiseenko,A1"]
[Result "1/2-1/2"]
[WhiteElo "2617"]
[BlackElo "2643"]

1.d4 Nf6 2.c4 e6 3.Nf3 Bb4+ 4.Nbd2 b6 5.a3 Bxd2+ 6.Qxd2 Bb7 7.e3 O-O 8.Be2 d6
9.O-O Nbd7 10.b4 Ne4 11.Qc2 f5 12.d5 exd5 13.Nd4 Qf6 14.cxd5 Bxd5 15.f3 Ng5
16.Bb2 Qg6 17.Bd3 Ne5 18.Nxf5 Ngxf3+ 19.Kh1 Qh5 20.Bxe5 dxe5 21.gxf3 Bxf3+
22.Kg1 Qg5+ 23.Ng3 Qxe3+ 24.Rf2 h5 25.Rf1 Rf4 26.Qd2 Qxd2 27.Rxd2 Raf8 28.Be2 h4
29.Bxf3 Rxf3 30.Rxf3 Rxf3 31.Ne4 Rxa3 32.Rd7 Ra4 33.Ng5 g6 34.Ne4 Rxb4 35.Nf6+ Kf8
36.Nh7+ Ke8 37.Nf6+ Kf8 38.Nh7+ Ke8 39.Nf6+ Kf8  1/2-1/2

[Event "6th Parsvnath Open"]
[Site "New Delhi IND"]
[Date "2008.01.14"]
[Round "3"]
[White "Mehar,C"]
[Black "Udeshi,A"]
[Result "1-0"]
[WhiteElo "2199"]
[BlackElo "2331"]

1.d4 Nf6 2.c4 e6 3.Nf3 Bb4+ 4.Nbd2 b6 5.a3 Bxd2+ 6.Qxd2 Bb7 7.e3 O-O 8.b4 a5
9.Bb2 d6 10.Be2 Ne4 11.Qc2 f5 12.O-O Nd7 13.d5 e5 14.Bd3 b5 15.Rfd1 bxc4
16.Bxc4 Nb6 17.Bb3 a4 18.Ba2 Rc8 19.Rac1 Kh8 20.Qe2 Qe7 21.Rc2 Rcd8 22.Ba1 Rd7
23.Qb5 Qd8 24.Rdc1 Rdf7 25.Qd3 Re8 26.Qb5 Ref8 27.Qd3 Rd7 28.Qb5 Qe7 29.Bb2 Ra8
30.Ne1 Nf6 31.Rd1 Qe8 32.Ba1 Re7 33.Qxe8+ Raxe8 34.Rcd2 f4 35.Nf3 fxe3 36.fxe3 Ne4
37.Re2 Bc8 38.Bb1 Nf6 39.e4 Bg4 40.Rf2 Nc4 41.Bd3 Nb6 42.Rc1 Bxf3 43.Rxf3 h6
44.Bb1 Kg8 45.Rfc3 Na8 46.Rc4 Nd7 47.Bd3 Rf8 48.R4c2 Rf4 49.Bc3 Ref7 50.Bd2 R4f6
51.Be3 Re7 52.Bb5 Rff7 53.Bxd7 Rxd7 54.Rc6 Nb6 55.h3 Kh7 56.Rf1 Nc8 57.Ra6 Rxf1+
58.Kxf1 Rf7+ 59.Ke2 Ne7 60.Rxa4 Ng8 61.Ra7 Nf6 62.Kd3 Nh5 63.b5 Rf1 64.Rxc7 Ra1
65.b6 Rxa3+ 66.Rc3 Ra8 67.b7 Rb8 68.Rc7 Nf4+ 69.Kc4 Nxg2 70.Ba7 Rf8 71.b8=Q Rxb8
72.Bxb8 Nf4 73.Rd7 Nxh3 74.Bxd6 Kg8 75.Bxe5 g5 76.Rg7+ Kf8 77.d6 Nf4 78.Bxf4  1-0

[Event "ch-CUB"]
[Site "Santa Clara CUB"]
[Date "2008.01.14"]
[Round "7"]
[White "Gongora Reyes,M"]
[Black "Alvarez,Jose1"]
[Result "1/2-1/2"]
[WhiteElo "2416"]
[BlackElo "2384"]

1.d4 Nf6 2.c4 e6 3.Nf3 Bb4+ 4.Nbd2 d5 5.a3 Be7 6.Qc2 O-O 7.e4 dxe4 8.Nxe4 Nxe4
9.Qxe4 Nd7 10.Bd3 Nf6 11.Qh4 Re8 12.Be3 b6 13.O-O-O Bb7 14.Ne5 g6 15.Qf4 Rf8
16.Qh6 b5 17.cxb5 Nd5 18.h4 Bf6 19.Bg5 Bg7 20.Bxd8 Bxh6+ 21.Bg5 Bg7 22.Bd2 Rfd8
23.Be4 a6 24.Nc6 Bxc6 25.bxc6 Rd6 26.Bxd5  1/2-1/2

[Event "68th ch-ARM"]
[Site "Yerevan ARM"]
[Date "2008.01.16"]
[Round "8"]
[White "Kotanjian,T"]
[Black "Anastasian,A"]
[Result "1-0"]
[WhiteElo "2545"]
[BlackElo "2562"]

1.d4 e6 2.c4 Bb4+ 3.Nd2 Nf6 4.Nf3 b6 5.a3 Bxd2+ 6.Bxd2 Bb7 7.Bg5 h6 8.Bh4 d6
9.e3 Nbd7 10.Be2 O-O 11.O-O Qe7 12.b4 a5 13.h3 g5 14.Bg3 Ne4 15.Bh2 Nc3 16.Qc2 Nxe2+
17.Qxe2 e5 18.Rfd1 f6 19.c5 Kg7 20.Rac1 Nb8 21.cxd6 cxd6 22.Qb5 Bxf3 23.gxf3 axb4
24.axb4 Ra7 25.dxe5 dxe5 26.Qxb6 Rb7 27.Qc5 Rf7 28.f4 exf4 29.exf4 Qe6 30.f5 Qe4
31.Rd8 Nd7 32.Qc8  1-0

[Event "6th Parsvnath Open"]
[Site "New Delhi IND"]
[Date "2008.01.19"]
[Round "9"]
[White "Safin,S"]
[Black "Priyadharshan,K"]
[Result "1-0"]
[WhiteElo "2493"]
[BlackElo "2297"]

1.d4 Nf6 2.c4 e6 3.Nf3 Bb4+ 4.Nbd2 b6 5.g3 Bb7 6.Bg2 O-O 7.O-O Bxd2 8.Qxd2 d6
9.b3 Nbd7 10.Bb2 Qe7 11.Rac1 c5 12.Rfd1 Rfd8 13.d5 e5 14.Nh4 g6 15.e4 Nh5
16.Rf1 Rf8 17.Qh6 Ndf6 18.h3 Kh8 19.Kh2 Rae8 20.Qd2 Bc8 21.Qc3 Nd7 22.f4 f6
23.Rce1 Ng7 24.Qd2 Kg8 25.f5 g5 26.Nf3 h6 27.Bc1 Kf7 28.Qe2 Rh8 29.Be3 a5
30.Nd2 Qd8 31.Nb1 Ke7 32.Nc3 Ba6 33.h4 Qc7 34.Bf3 Reg8 35.Qd2 Kd8 36.Be2 Nb8
37.a3 Qf7 38.Qd1 Nd7 39.Rh1 Kc7 40.Kg2 Ra8 41.Rh2 Rhg8 42.Reh1 Qe7 43.Kf2 Rab8
44.Qd2 Ra8 45.Rb1 Rab8 46.Na4 Rb7 47.Rhh1 Ra8 48.Nc3 Rbb8 49.Rb2 Qe8 50.Qd1 Qe7
51.Rh2 Qf7 52.Qh1 Qe7 53.hxg5 hxg5 54.Rh7 Nf8 55.Rh6 Qf7 56.b4 axb4 57.axb4 Nd7
58.Rh7 Nf8 59.Rh8 Nd7 60.Rxb8 Nxb8 61.bxc5 dxc5 62.d6+ Kc6 63.Qh8 Bb7 64.Qd8  1-0